Anita e a visita de estudo (Registo nº 4023)
[ vista simples ]
| 000 -Etiqueta do registo | |
|---|---|
| Cabeçalho | 00570nam a2200217 4500 |
| 005 - Identificador da versão | |
| Campo de controlo | 20240813122050.0 |
| 010 ## - Número internacional normalizado dos livros (ISBN) | |
| Número (ISBN) | 9722219413 |
| 021 ## - Número do Depósito Legal | |
| Código do país | PT |
| Número | 190 861/03 |
| 100 ## - Dados gerais de processamento | |
| Dados gerais de processamento | 20101115d2003 cd y0pory5003 ba |
| 102 ## - Pais de publicação ou produção | |
| País de publicação | Portugal |
| 101 0# - Língua de publicação | |
| Língua do texto, banda sonora, etc. | Português |
| 215 ## - Descrição física | |
| Indicação específica da natureza do documento e extensão da espécie | 20, [1] p |
| Dimensões | 25 cm. |
| 200 1# - Titulo e menção de responsabilidade | |
| Título próprio | Anita e a visita de estudo |
| Primeira menção de responsabilidade | texto de Gilbert Delahaye |
| Outras menções de responsabilidade | il. Marcel Marlier |
| 225 1# - Colecção | |
| Título próprio da colecção | série Anita |
| Indicação de volume | 35 |
| 210 ## - Publicação, Distribuição, etc. | |
| Lugar da edição, distribuição, etc. | Lisboa |
| Nome do editor, distribuidor, etc. | Verbo |
| Data da publicação, distribuição, etc. | 2003 |
| 701 #1 - Nome de autor-pessoa física (co-responsabilidade principal) | |
| Palavra de ordem | Marlier |
| Outra parte do nome não tomada para palavra de ordem | Marcel |
| Código de função | Ilustrador / Técnico de desenho computorizado |
| 700 #1 - Nome de autor-pessoa física (responsabilidade principal) | |
| Número de registo de entrada de autoridade | 0000501 |
| Palavra de ordem | Delahaye |
| Outra parte do nome não tomada para palavra de ordem | Gilbert |
| 942 ## - Elementos de entrada adicionados (Koha) | |
| Tipo de item no Koha | Livro |
| Situação do levantamento | Origin of item (home branch) (coded) | Biblioteca de empréstimo | Código de barras | Cota | Circulation type (not for loan) | Tipo de documento | Nota do exemplar | Damaged status |
|---|---|---|---|---|---|---|---|---|
| Biblioteca Escolar das Vendas | Biblioteca Escolar das Vendas | BEV2146 | 8EST ANI | Livro | Sem mensagem |
